000 00356nam a2200121Ia 4500
005 20251222144829.0
008 251222s9999||||xx |||||||||||||| ||spa||
082 _a408.515/W35
100 _aWeber, David John
245 0 _aRelativización y Cláusulas Nominalizadas en el Quechua Huallaguino (Huánuco)
264 _bMinisterio de Educación
942 _cLIB
999 _c20777
_d20777